Dr. S. R. Lasker Library Online Catalogue

Home      Library Home      Institutional Repository      E-Resources      MyAthens      EWU Home

Management of physical distribution and transportation / (Record no. 3197)

MARC details
000 -LEADER
fixed length control field 01249cam a2200361 i 4500
001 - CONTROL NUMBER
control field 3197
003 - CONTROL NUMBER IDENTIFIER
control field BD-DhEWU
005 - DATE AND TIME OF LATEST TRANSACTION
control field 20181122152743.0
008 - FIXED-LENGTH DATA ELEMENTS--GENERAL INFORMATION
fixed length control field 780421s1978 ilua g b 001 0 eng d
020 ## - INTERNATIONAL STANDARD BOOK NUMBER
International Standard Book Number 0256020167
International Standard Book Number 9780256020168
035 ## - SYSTEM CONTROL NUMBER
System control number (OCoLC)3829273
040 ## - CATALOGING SOURCE
Original cataloging agency DLC
Transcribing agency DLC
Modifying agency DLC
-- BD-DhEWU
Language of cataloging eng
041 ## - LANGUAGE CODE
Language code of text/sound track or separate title eng
050 00 - LIBRARY OF CONGRESS CALL NUMBER
Classification number HF5415.7
Item number .T32 1978
082 00 - DEWEY DECIMAL CLASSIFICATION NUMBER
Classification number 658.788
Item number TAM 1978
100 1# - MAIN ENTRY--PERSONAL NAME
Personal name Taff, Charles Albert,
9 (RLIN) 11520
245 10 - TITLE STATEMENT
Title Management of physical distribution and transportation /
Statement of responsibility, etc Charles A. Taff.
250 ## - EDITION STATEMENT
Edition statement 6th ed.
260 ## - PUBLICATION, DISTRIBUTION, ETC. (IMPRINT)
Place of publication, distribution, etc Homewood, Ill. :
Name of publisher, distributor, etc R. D. Irwin,
Date of publication, distribution, etc c1978.
300 ## - PHYSICAL DESCRIPTION
Extent xix, 607 p. :
Other physical details ill. ;
Dimensions 24 cm.
500 ## - GENERAL NOTE
General note Includes index.
504 ## - BIBLIOGRAPHY, ETC. NOTE
Bibliography, etc Bibliography: p. 586-595.
526 ## - STUDY PROGRAM INFORMATION NOTE
Program name BA
590 ## - LOCAL NOTE (RLIN)
Local note Sagar Shahanawaz
650 #0 - SUBJECT ADDED ENTRY--TOPICAL TERM
Topical term or geographic name as entry element Physical distribution of goods
General subdivision Management.
9 (RLIN) 10732
Topical term or geographic name as entry element Shipment of goods
General subdivision Management.
9 (RLIN) 11521
856 ## - ELECTRONIC LOCATION AND ACCESS
Materials specified WorldCat details
Uniform Resource Identifier http://www.worldcat.org/title/management-of-physical-distribution-and-transportation/oclc/3829273&referer=brief_results
942 ## - ADDED ENTRY ELEMENTS (KOHA)
Source of classification or shelving scheme Dewey Decimal Classification
Koha item type Text
Holdings
Withdrawn status Lost status Source of classification or shelving scheme Damaged status Not for loan Collection code Home library Current library Shelving location Date acquired Source of acquisition Cost, normal purchase price Total Checkouts Full call number Barcode Date last seen Date checked out Copy number Koha item type
    Dewey Decimal Classification     Non-fiction Dr. S. R. Lasker Library, EWU Dr. S. R. Lasker Library, EWU Circulation Section 17/10/2001 Bangaldesh Photostat 702.00 1 658.788 TAM 1978 9619 24/02/2013 18/02/2013 C-3 Text
    Dewey Decimal Classification     Non-fiction Dr. S. R. Lasker Library, EWU Dr. S. R. Lasker Library, EWU Circulation Section 17/10/2001 Bangaldesh Photostat 702.00 1 658.788 TAM 1978 9620 07/02/2013 29/01/2013 C-4 Text
    Dewey Decimal Classification     Non-fiction Dr. S. R. Lasker Library, EWU Dr. S. R. Lasker Library, EWU Circulation Section 17/10/2001 Bangaldesh Photostat 702.00   658.788 TAM 1978 9621     C-5 Text
    Dewey Decimal Classification   Not For Loan Non-fiction Dr. S. R. Lasker Library, EWU Dr. S. R. Lasker Library, EWU Reserve Section 06/10/2001   0.00   658.788 TAM 1978 9598     C-1 Text
    Dewey Decimal Classification     Non-fiction Dr. S. R. Lasker Library, EWU Dr. S. R. Lasker Library, EWU Circulation Section 17/10/2001 Bangaldesh Photostat 702.00   658.788 TAM 1978 9618     C-2 Text